[Event "St Louis Summer C"]
[Site "Saint Louis USA"]
[Date "2019.06.28"]
[Round "10.2"]
[White "Gordievsky, Dmitry"]
[Black "Moradiabadi, Elshan"]
[Result "1/2-1/2"]
[WhiteTitle "GM"]
[BlackTitle "GM"]
[WhiteElo "2592"]
[BlackElo "2548"]
[WhiteFideId "24112798"]
[BlackFideId "12501255"]
[EventDate "2019.06.18"]

1. Nf3 d5 2. d4 Nf6 3. c4 e6 4. Nc3 c5 5. cxd5 Nxd5 6. e4 Nxc3 7. bxc3 cxd4 8.
cxd4 Bb4+ 9. Bd2 Bxd2+ 10. Qxd2 O-O 11. Bc4 Nd7 12. O-O b6 13. Rfc1 Bb7 14. Bd3
Nf6 15. Qf4 e5 16. Qxe5 Re8 17. Qc7 Bxe4 18. Bxe4 Nxe4 19. Qxd8 Rexd8 20. Rc7
Nd6 21. Re1 Rdc8 22. Rd7 Rd8 23. Ree7 a5 24. Ne5 h6 25. g4 b5 26. Nc6 Rxd7 27.
Rxd7 Nc4 28. Rb7 b4 29. Rb5 Kf8 30. Kg2 Ke8 31. Rc5 Nd6 32. Rxa5 Rxa5 33. Nxa5
Kd7 34. d5 Ne4 35. Nc6 b3 36. axb3 Kd6 37. Nd8 f6 38. Ne6 g5 39. f3 Nc3 40. Nd4
Nxd5 41. Kf2 Ke5 42. Nc2 Nf4 43. b4 Kd5 44. Ke3 h5 45. b5 Ng2+ 46. Kf2 Nf4 47.
gxh5 Nxh5 48. Nd4 Nf4 49. b6 Kd6 50. Kg3 Nd5 51. b7 Kc7 52. Kg4 Ne3+ 53. Kh5
Kxb7 54. Kg6 g4 55. fxg4 Nxg4 56. h4 Kc7 57. h5 Kd7 58. Kf7 Nh6+ 59. Kg7 Ng4 60.
Kf7 Nh6+ 61. Kxf6 Ke8 62. Kg6 Nf7 63. Kg7 Ke7 64. Nf5+ Ke6 65. Ng3 Ke7 66. Ne4
Ke6 67. Kg8 Ke7 68. Kh7 Kf8 69. Nf6 Ng5+ 70. Kg6 Nf7 71. Nd5 Kg8 72. Ne7+ Kf8
73. Kf6 Nh6 1/2-1/2